000 00659nam a2200217 i 4500
001 142049
003 ES-MaACL
005 20230906200431.0
007 t|
008 071002s1958 sp ||||1| cat d
100 1 _aVirgilio Marón, Publio.
_9115452
245 1 2 _aL'Eneida /
_cVirgili ; traducció, práoleg i notes per Miquel Dolç.
260 _aBarcelona :
_bAlpha,
_c[1958]
300 _a415 p. :
_bil. ;
_c20 cm.
490 1 _aClassics de tots els temps
500 _a1 lám. retr. aut.
700 1 _aDolç, Miguel.
_945012
830 0 _aClassics de tots els temps
_9187232
852 _aES-MaACL
_jC-16646
_bR.44105
999 _c142049
_d142049